March Madness 2017: Mascots - Statistics

General Stats
  • This quiz has been taken 337 times
  • The average score is 54 of 68
Answer Stats
Team First Name Answer % Correct
Chicago ________ Baylor Bears
98%
Arizona Wildcats
98%
Kansas State Wildcats
98%
Kentucky Wildcats
98%
Northwestern Wildcats
98%
Villanova Wildcats
98%
Georgia ________ Butler Bulldogs
97%
Georgia ______ Gonzaga Bulldogs
97%
Duke Blue Devils
95%
Florida Gators
93%
Toronto ________ Creighton Blue Jays
92%
Arkansas Razorbacks
92%
Philadelphia Golden _______ Louisville Cardinals
91%
Michigan State Spartans
91%
Michigan Wolverines
91%
Kansas Jayhawks
90%
Dallas ________ Oklahoma State Cowboys
89%
North Carolina Tar Heels
89%
Auburn ________ Princeton Tigers
89%
Texas Southern Tigers
89%
Oregon Ducks
88%
Philadelphia _______ Florida Gulf Coast Eagles
88%
Philadelphia _________ North Carolina Central Eagles
88%
Philadelphia ________ Winthrop Eagles
88%
Florida State Seminoles
88%
Wisconsin Badgers
87%
Cincinnati Bearcats
87%
Purdue Boilermakers
87%
UCLA Bruins
87%
Notre Dame Fighting Irish
87%
Miami (Florida) Hurricanes
87%
Texas A&M __________ New Mexico State Aggies
86%
Texas A&M _________ UC Davis Aggies
86%
Pittsburgh _______ Seton Hall Pirates
86%
Cleveland __________ Virginia Cavaliers
85%
Iowa State Cyclones
84%
Jacksonville State Gamecocks
84%
South Carolina Gamecocks
84%
Dayton Flyers
83%
Minnesota Golden Gophers
82%
Southern California Trojans
82%
Troy Trojans
82%
Maryland Terrapins
81%
Mount St.Mary's Mountaineers
80%
West Virginia Mountaineers
80%
Los Angeles ________ Rhode Island Rams
80%
Los Angeles _________ VCU Rams
80%
Virginia Tech Hokies
77%
SMU Mustangs
75%
Tampa Bay _____ East Tennessee State Buccaneers
74%
Bucknell Bison
72%
Nevada Wolfpack
72%
Wichitia State Shockers
70%
Seattle _________ UNCW Seahawks
68%
Vanderbilt Commodores
67%
Marquette Golden Eagles
67%
South Dakota State Jackrabbits
64%
Providence Friars
63%
Iona Gaels
58%
St.Mary's (California) Gaels
58%
Xavier Musketeers
55%
Middle Tennessee Blue Raiders
50%
Kent State Golden Flashes
50%
Vermont Catamounts
45%
Northern Kentucky Norse
41%
New Orleans Privateers
26%
Wake Forest Deamon Deacons
20%
North Dakota Fighting Hawks
20%
No matching quizzes found
Score Distribution
Percent of People with Each Score
Percentile by Number Answered
Your Score History
You have not taken this quiz